Normal view
MARC view
- SUPERVISOR DR. USMAN AKRAM Assist. Prof. SAJID GUL KHAWAJA
Entry Personal Name
001 - CONTROL NUMBER
- control field: 70859
003 - CONTROL NUMBER IDENTIFIER
- control field: NUST
005 - DATE AND TIME OF LATEST TRANSACTION
- control field: 20210628204548.0
008 - FIXED-LENGTH DATA ELEMENTS
- fixed length control field: 210628|| aca||aabn | a|a d
040 ## - CATALOGING SOURCE
- Original cataloging agency: NUST
- Transcribing agency: NUST
100 ## - HEADING--PERSONAL NAME
- Personal name: SUPERVISOR DR. USMAN AKRAM Assist. Prof. SAJID GUL KHAWAJA
670 ## - SOURCE DATA FOUND
- Source citation: Work cat.: (NUST): NS Hamza Ali Khan NS Adil Hanif NS Haris Ashfaq NS Sohail Rashid 70857, PR-SOF-1547-Blind's Eye, 2016
